| 000 | 00698pam a2200193 a 4500 | ||
|---|---|---|---|
| 020 | _a0471539120 (pbk.) | ||
| 020 | _a0471539139 (cloth) : | ||
| 082 | 0 | 0 |
_a658.16 _bLEA |
| 100 | 1 |
_aLea, James _944687 |
|
| 245 | 1 | 0 |
_aKeeping it in the family : _bsuccessful succession of the family business / _cJames W. Lea. |
| 260 |
_aNew York : _bWiley, _cc1991. |
||
| 300 |
_axii, 203 p. : _bill. ; _c24 cm. |
||
| 526 |
_a0 _b0 _c0 _d658_160000000000000_LEA |
||
| 650 | 0 |
_aFamily-owned business enterprises _xSuccession. _944688 |
|
| 650 | 0 |
_aMCE _9379 |
|
| 856 | 4 | _uhttp://www.loc.gov/catdir/toc/onix04/90026862.html | |
| 856 | 4 | 2 | _uhttp://www.loc.gov/catdir/enhancements/fy0706/90026862-d.html |
| 942 |
_2ddc _cBK |
||
| 999 |
_c548403 _d548403 |
||